15-新潟県の市町村クイズ(1999年) - Statistics

General Stats
  • This quiz has been taken 358 times
  • The average score is 56 of 112
Answers on the Map
Answers color-coded by a green-red scale on the quiz's map according to % correct below.
 
Answer Stats
Answer % Correct
粟島浦あわしまうらむら
89%
新潟にいがた
80%
糸魚川いといがわ
78%
柏崎かしわざき
76%
新発田しばた
74%
関川せきかわむら
74%
両津りょうつ
74%
刈羽かりわむら
73%
上越じょうえつ
72%
長岡ながおか
72%
聖籠せいろうまち
70%
村上むらかみ
70%
津南つなんまち
69%
小千谷おぢや
67%
三条さんじょう
67%
出雲崎いずもざきまち
66%
十日町とおかまち
66%
相川あいかわまち
65%
新井あらい
65%
加茂かも
65%
つばめ
65%
青海おうみまち
64%
まきまち
64%
見附みつけ
64%
朝日あさひむら
63%
弥彦やひこむら
63%
豊栄とよさか
62%
新津にいつ
62%
湯沢ゆざわまち
62%
田上たがみまち
61%
妙高みょうこうむら
61%
妙高高原みょうこうこうげんまち
61%
五泉ごせん
60%
小木おぎまち
59%
赤泊あかどまりむら
58%
白根しろね
58%
寺泊てらどまりまち
58%
能生のうまち
58%
入広瀬いりひろせむら
57%
山北さんぽくまち
56%
栃尾とちお
56%
名立なだちまち
56%
柿崎かきざきまち
54%
六日むいかまち
54%
羽茂はもちまち
53%
吉田よしだまち
53%
京ヶ瀬きょうがせむら
52%
荒川あらかわまち
51%
分水ぶんすいまち
51%
川口かわぐちまち
50%
神林かみはやしむら
49%
亀田かめだまち
49%
塩沢しおざわまち
49%
津川つがわまち
49%
小出こいでまち
48%
佐和田さわたまち
48%
中条なかじょうまち
48%
鹿瀬かのせまち
47%
水原すいばらまち
47%
金井かないまち
46%
紫雲寺しうんじまち
46%
新穂にいぼむら
46%
畑野はたのまち
46%
堀之内ほりのうちまち
46%
湯之谷ゆのたにむら
46%
岩室いわむろむら
45%
大潟おおがたまち
45%
頸城くびきむら
45%
下田しただむら
45%
中郷なかごうむら
45%
浦川原うらがわらむら
44%
味方あじかたむら
43%
上川かみかわむら
43%
黒埼くろさきまち
43%
守門すもんむら
43%
真野まのまち
43%
小国おぐにまち
42%
加治川かじかわむら
42%
越路こしじまち
42%
村松むらまつまち
42%
山古志やまこしむら
41%
西山にしやままち
40%
広神ひろかみむら
40%
黒川くろかわむら
39%
笹神ささかみむら
39%
松代まつだいまち
38%
三川みかわむら
38%
豊浦とようらまち
36%
中里なかさとむら
36%
月潟つきがたむら
35%
与板よいたまち
35%
横越よこごしまち
35%
潟東かたひがしむら
34%
小須戸こすどまち
34%
中之島なかのしままち
34%
松之山まつのやままち
34%
大和やまとまち
34%
板倉いたくらまち
33%
高柳たかやなぎまち
33%
さかえまち
32%
三和さんわむら
32%
西川にしかわまち
32%
和島わしまむら
32%
大島おおしまむら
31%
安田やすだまち
29%
安塚やすづかまち
29%
まきむら
28%
三島みしままち
28%
清里きよさとむら
27%
中之口なかのくちむら
27%
川西かわにしまち
26%
吉川よしかわまち
18%
No matching quizzes found
Score Distribution
Percent of People with Each Score
Percentile by Number Answered
Your Score History
You have not taken this quiz